| 000 | 00407nam a2200181Ia 4500 | ||
|---|---|---|---|
| 008 | 221030s9999 xx 000 0 und d | ||
| 020 | _a0074622358 | ||
| 041 | _aEnglish | ||
| 082 | _a105.23 | ||
| 100 | _aA. P. Malvino | ||
| 245 | 0 | _aDigital Computer Electronics | |
| 250 | _a3rd | ||
| 260 |
_bTMH _aNew Delhi _c2009 |
||
| 300 | _a522 | ||
| 650 | _aBE Computer | ||
| 700 | _aJ. A. Brown | ||
| 942 | _cBK | ||
| 999 |
_c6382 _d6382 |
||